000 00537nam a22001817a 4500
005 20140715145401.0
010 _aENG-109888
020 _a9788184982640
_c350.00
035 _aEN-93421
037 _bDBAD/PUB
082 _a158.7
245 0 0 _aParenting the office /
_cby Doris S. Davidoff...[et al]
260 _aPune
_bMehta Publishing House
_c2011
270 _a1941, Sadashiv Peth, Mediwalie Colony
_bPune
_e411030
300 _a228p.
_c23cm(pbk)
700 _aDavidoff, Doris S.
942 _2ddc
_cEN
_mPAR
_h158.7
999 _c83784
_d83784